| 000 | 00992nam a2200289 i 4500 | ||
|---|---|---|---|
| 003 | EG-GICUC | ||
| 005 | 20260405064621.0 | ||
| 008 | 260405s1988 li ||||fr|||| 000 0 fre d | ||
| 040 |
_aEG-GiCUC _bfre _cEG-GiCUC _dEG-GiCUC _erda |
||
| 041 | 0 | _afre | |
| 082 | 0 | 4 |
_221 _a341.280569 _bHA . T |
| 092 | 0 | 4 | _221 |
| 099 | _aLaw1 11 341.280569 HA . T 1988 | ||
| 100 | 1 |
_aHabachi, René _eAuteur |
|
| 245 | 1 | 0 |
_aTextes Contre Le Desespoir ; _bPour Un Dialogue Arabo-occidental Sur La Palestine / _cPar René Habachi. |
| 264 | 3 |
_aBeyrouth : _b Institut Des Etudes Palestiniennes, _c1988. |
|
| 300 |
_a54 pages, _c24 cm _b |
||
| 336 |
_2rda content _atext |
||
| 337 |
_2rda media _aComputer |
||
| 338 |
_2rda carrier _aOnline Resource |
||
| 504 | _aComprend des références bibliographiques. | ||
| 546 | _aTexte en français | ||
| 650 | 1 | _aDroit international public | |
| 856 | 4 | 0 | _uhttps://fll.law.cu.edu.eg/fulltext/bks/B11-05867B11-05867.pdf |
| 905 | _a48 | ||
| 942 |
_2ddc _cBK _e21 _n0 |
||
| 999 |
_c68915 _d68915 |
||